Химия 2003; Промышленные АСУ и контроллеры; № 1

Bibliographic Details
Parent link:Промышленные АСУ и контроллеры: ежемесячный научно-технический производственный журнал.— , 2002-
№ 1.— 2004.— С. 66-68
Main Author: Оганесян А. В.
Language:Russian
Published: 2004
Series:Хроника
Subjects:
Format: Book Chapter
KOHA link:https://koha.lib.tpu.ru/cgi-bin/koha/opac-detail.pl?biblionumber=390571

MARC

LEADER 00000naa2a2200000 4500
001 390571
005 20231101064002.0
035 |a (RuTPU)RU\TPU\prd\23718 
090 |a 390571 
100 |a 20040310a2004 k y0rusy50 ca 
101 0 |a rus 
102 |a RU 
200 1 |a Химия 2003  |f А. В. Оганесян 
225 1 |a Хроника 
461 1 |0 (RuTPU)RU\TPU\prd\2287  |t Промышленные АСУ и контроллеры  |o ежемесячный научно-технический производственный журнал  |d 2002- 
463 1 |0 (RuTPU)RU\TPU\prd\22735  |t № 1  |v С. 66-68  |d 2004 
610 1 |a химическая промышленность 
610 1 |a выставки 
610 1 |a международные выставки 
610 1 |a инжиниринг 
610 1 |a компании 
700 1 |a Оганесян  |b А. В. 
801 1 |a RU  |b 63413507  |c 20040310  |g PSBO 
942 |c BK